000 01145cam a22003134a 4500
005 20260322212040.0
008 data
010 _a 00024874
020 _a0736805966
020 _a9780736805964
040 _aDLC
_cDLC
_dDLC
042 _alcac
_alcac
043 _an-us---
_an-us---
050 0 0 _aHV10.5
_b.W35 2001
082 0 0 _a361/.0023/73
_221
092 _a361 Wal 2001
100 1 _aWallner, Rosemary,
_d1964-
245 1 0 _aHuman services worker /
_cRosemary Wallner.
260 _aMankato, MN :
_bCapstone Books,
_c2001.
300 _a48 p. :
_bcol. ill. ;
_c23 cm.
440 0 _aCareer exploration
504 _aIncludes bibliographical references and index.
520 _aIntroduces the career of human services worker, providing information about educational requirements, duties, the workplace, salary, employment outlook, and possible future positions.
650 0 _aHuman services
_xVocational guidance
_zUnited States
_vJuvenile literature.
650 0 _aHuman services
_xVocational guidance
_zCanada
_vJuvenile literature.
650 1 _aHuman services
_xVocational guidance.
650 1 _aVocational guidance.
001 data
999 _c945
_d945